Estadísticas para Países con la conjunción "Y"

Haz click aquí para tomar la prueba!

Estadísticas generales

  • Esta prueba ha sido tomada 78 veces
  • La puntuación promedio es 4 de 5

Estadísticas de respuestas

Países% Correcto
Trinidad y Tobago
86%
Antigua y Barbuda
84%
San Vicente y las Granadinas
71%
Santo Tomé y Principe
71%
San Cristobal y Nieves
70%

Distribución de puntuación

Porcentaje por número respondido

Porcentaje de gente con cada puntuación

Historial de tus puntuaciones

No has tomado esta prueba